000 00484nam a2200181Ia 4500
003 OSt
005 20230518150324.0
008 210423s1996 xx 000 0 und d
040 _cAL
041 _aeng
082 _a363.7
_223
_bHUSA
100 _aHUSAIN (Majid);ZAIDI (S S Husain),Ed.
_9108458
245 _aEnvironmental management in india.
260 _aNew Delhi
_bManak Publications
_c1996
365 _b600
_cINR
906 _aEnvironmental ; management
942 _2ddc
_cBK
999 _c172407
_d172407